| 000 | 00585nam a2200121Ia 4500 | ||
|---|---|---|---|
| 008 | 171212s9999 xx 000 0 und d | ||
| 020 | _a9780833088932 | ||
| 100 | _aKeller, Kirsten M.;Miller, Laura L.;Robson, Sean;Farris, Coreen;Stucky, Brian D. | ||
| 245 |
_cKeller, Kirsten M.;Miller, Laura L.;Robson, Sean;Farris, Coreen;Stucky, Brian D. _aAn Integrated Survey System for Addressing Abuse and Misconduct Toward Air Force Trainees During Basic Military Training |
||
| 260 |
_bRAND Corporation _c2015 |
||
| 650 | _aBusiness | ||
| 856 | _uhttp://www.jstor.org/stable/10.7249/j.ctt15sk8mg | ||
| 999 |
_c351728 _d351728 |
||